000 003770000a22001090004500
090 _aAS
_bSeriadas
245 1 0 _aContribución al conocimiento de los reptiles de la Isla de Pascua
041 0 _aEspañol
100 1 _aDonoso Barros, Roberto
_999775
942 _cARTICULO
773 1 _tRevista de la Academia Colombiana de Ciencias Exactas, Físicas y Naturales
_h28
_q490-491
_d1950
_g7
999 _c15492
_d15492